<?xml version="1.0" encoding="UTF-8"?><?xml-stylesheet type="text/xsl" href="static/style.xsl"?><OAI-PMH xmlns="http://www.openarchives.org/OAI/2.0/" xmlns:xsi="http://www.w3.org/2001/XMLSchema-instance" xsi:schemaLocation="http://www.openarchives.org/OAI/2.0/ http://www.openarchives.org/OAI/2.0/OAI-PMH.xsd"><responseDate>2026-06-04T07:56:45Z</responseDate><request verb="GetRecord" identifier="oai:recam.amb.cat:20.500.14439/2048" metadataPrefix="marc">https://recam.amb.cat/rest/oai/request</request><GetRecord><record><header><identifier>oai:recam.amb.cat:20.500.14439/2048</identifier><datestamp>2026-04-12T15:14:42Z</datestamp><setSpec>com_20.500.14439_113</setSpec><setSpec>col_20.500.14439_114</setSpec></header><metadata><record xmlns="http://www.loc.gov/MARC21/slim" xmlns:dcterms="http://purl.org/dc/terms/" xmlns:xsi="http://www.w3.org/2001/XMLSchema-instance" xmlns:doc="http://www.lyncode.com/xoai" xsi:schemaLocation="http://www.loc.gov/MARC21/slim http://www.loc.gov/standards/marcxml/schema/MARC21slim.xsd">
   <leader>00925njm 22002777a 4500</leader>
   <datafield ind2=" " ind1=" " tag="042">
      <subfield code="a">dc</subfield>
   </datafield>
   <datafield ind2=" " ind1=" " tag="720">
      <subfield code="a">Estudi Ramon Folch </subfield>
      <subfield code="e">author</subfield>
   </datafield>
   <datafield ind2=" " ind1=" " tag="260">
      <subfield code="c">2020-11-01</subfield>
   </datafield>
   <datafield ind2=" " ind1=" " tag="520">
      <subfield code="a">En aquest diagnòstic queda palesa la necessitat d'aprofundir en les estratègies i metodologies de treball amb relacióa l'emergència climàtica i es percep que les accions de cooperació, en altres territoris, centrades en l'emergència climàtica són ben escasses, si bé s'ha fet un gran esforç per treballar en accions d'educació per a la ciutadania global. Aquesta diagnosi, llavors, vol contribuir a definir prioritats i dotar de contingut la Comissió d'Acció Climàtica com un espai de reflexió, formació i acció, que impulsi i enforteixi estratègies per fer front a l'emergència climàtica des de la cooperació internacional local del nostre territori.</subfield>
   </datafield>
   <datafield ind1="8" ind2=" " tag="024">
      <subfield code="a">https://hdl.handle.net/20.500.14439/2048</subfield>
   </datafield>
   <datafield ind1="8" ind2=" " tag="024">
      <subfield code="a">11025856</subfield>
   </datafield>
   <datafield tag="653" ind2=" " ind1=" ">
      <subfield code="a">Canvis climàtics</subfield>
   </datafield>
   <datafield ind2="0" ind1="0" tag="245">
      <subfield code="a">Diagnosi d'actuacions de cooperació internacional vinculades al canvi climàtic</subfield>
   </datafield>
</record></metadata></record></GetRecord></OAI-PMH>